Sillabe concatenanti #2 - Statistics

Statistiche generali
  • Questo quiz è stato fatto 67 volte
  • Il punteggio medio è 15 su 20
Statistiche sulle risposte
Quesito Soluzione % Corretto
Il riposo invernale dell'orso Letargo
97%
Dirige la realizzazione di un film Regista
97%
Strumento per la misurazione degli angoli Goniometro
95%
Il 'Pibe de Oro' che incantò Napoli con le sue giocate Maradona
92%
La cattedrale più famosa di Parigi Notre-Dame
92%
Retribuzione in denaro Stipendio
92%
I seguaci dell'ideologia politica teorizzata da Marx e Engels Comunisti
85%
Svelta, spedita Rapida
84%
Stella cadente Meteora
82%
Il piatto giapponese a base di spaghetti in brodo di carne o di pesce Ramen
80%
Espressione di saluto originaria dell'India Namasté
77%
Il Matt di 'The Bourne Identity' Damon
75%
Una regione dell'atmosfera Troposfera
72%
Assemblaggio, composizione Montaggio
70%
Una figura geometrica con almeno tre angoli Poligono
70%
Guida saggia e fidata Mentore
67%
Cliché, luogo comune Stereotipo
64%
Cordiale, affabile Gioviale
62%
Il batterio gram-positivo responsabile di alcune infezioni Stafilococco
61%
Ambientazione o scenografia in scala ridotta Diorama
34%
Nessun quiz corrispondente trovato
Distribuzione punteggi
Percentuale di utenti per punteggio
Percentile per numero di risposta
I tuoi punteggi nel tempo
Non hai fatto questo quiz